Harvard business review on aligning technology with strategy.
Guardado en:
| Autor Corporativo: | |
|---|---|
| Formato: | Libro |
| Idioma: | English |
| Publicado: |
Boston, Mass. :
Harvard Business Review Press,
c2011.
|
| Series: | Harvard business review paperback series.
|
| Materias: | |
| Etiquetas: |
Agregar Etiqueta
Sin Etiquetas, Sea el primero en etiquetar este registro!
|
| LEADER | 01596cam a22002895a 4500 | ||
|---|---|---|---|
| 001 | EAD.ead003161 | ||
| 008 | 110106s2011####maua##########001#0#eng## | ||
| 005 | 20160215104745.0 | ||
| 245 | 0 | 0 | |a Harvard business review on aligning technology with strategy. |
| 260 | |a Boston, Mass. : |b Harvard Business Review Press, |c c2011. | ||
| 300 | |a 204 p. : |b il. ; |c 21 cm. | ||
| 490 | 1 | |a The Harvard Business Review paperback series | |
| 500 | |a Incluye índice. | ||
| 500 | |a "Expert advice on using technology to support your strategy from Harvard Business Review"--Tapa. | ||
| 505 | 0 | |a Six IT Decisions Your IT People Shouldn't Make / Jeanne W. Ross and Peter Weill -- Getting IT Right / Charlie S. Feld and Donna B. Stoddard -- IT Doesn't Matter / Nicholas G. Carr -- Bold Retreat: A New Strategy for Old Technologies / Ron Adner and Daniel C. Snow -- Information Technology and the Board of Directors / Richard Noland and F. Warren McFarlan -- Competing on Analytics / Thomas H. Davenport -- Investing in the IT That Makes a Competitive Difference / Andrew McAfee and Erik Brynjolfsson. | |
| 020 | |a 9781422162477 (pbk.) | ||
| 020 | |a 1422162478 (pbk.) | ||
| 710 | 2 | |a Harvard business review. | |
| 830 | 0 | |a Harvard business review paperback series. | |
| 082 | 0 | 0 | |a 658.5/14 |2 22 |
| 082 | 0 | 4 | |a 658.4038011 |2 21 |
| 650 | 7 | |a Tecnología de la información. |2 unbist | |
| 650 | 7 | |a Estrategia empresarial. |2 unbist | |
| 010 | |a 2010054383 | ||
| 040 | |a DLC |c DLC |d YDX |d BTCTA |d YDXCP |d BWX |d CDX |d UPM |d DLC | ||
| 050 | 0 | 0 | |a HD30.2 |b .H3748 2011 |
| 859 | |a AR-BaBDC |b BIB. ADMINISTRACION - Libros |h 658.4038011 |i H261 |p b06491 | ||
